000
00293nam a2200121Ia 4500
008
191201s2013 xx 000 0 und d
100
_a
ARORA, K C
245
0
_a
Total Quality Management
260
_a
N. Delhi
_b
Kataria & Sons
_c
2013
300
_a
1316
650
_a
B.Tech(ME)
942
_2
ddc
_c
BK
999
_c
6037
_d
6037